| 000 | 02017nam a2200325 c 4500 | ||
|---|---|---|---|
| 003 | BLK | ||
| 005 | 20250313151733.0 | ||
| 008 | 180408b bul|||||r ||||||| ||bul|| | ||
| 010 | _aKNG00058809000 | ||
| 020 |
_a954-739-548-3 _bиздат.: Захарий Стоянов |
||
| 040 | _aBLK | ||
| 041 |
_aBUL _cBUL |
||
| 080 |
_aБългарска литература _b821.163.2 _x-1 _z821.163.2-1 |
||
| 100 | 1 |
_aЛилиев, Николай _qПопиванов, Николай Михайлов _d1885-1960 _eпърви автор _gПопиванов, Николай Михайлов _988821 |
|
| 139 |
_aЛилиев, Николай _bЛ 58 |
||
| 245 | 1 | 0 |
_aПтици в нощта _cНиколай Лилиев; състав. Иван Гранитски. |
| 257 | _aBGR | ||
| 260 |
_аСофия _bЗахарий Стоянов _c2004 _fСофия : Образование и наука |
||
| 300 |
_a255 с. _c20 см |
||
| 380 | _aX | ||
| 490 | 1 |
_aПоредица Българска класика _v74 |
|
| 500 | _aНиколай Лилиев - псевд. на авт. Николай Михайлов Попиванов ; Пълното име на състав. е Иван Йорданов Димитров. - Съдържа и Размисли и изповеди ; Редове от биографията ; Николай Лилиев / Георги Константинов ; Безподобният Николай / Тончо Жечев ; Ангелогласният / Светлозар Игов | ||
| 700 | 1 |
_aГранитски, Иван _qДимитров, Иван Йорданов _d1953- _gЖурналист, литературен критик, теоретик и историк, поет, публицист и издател. _eсъстав. _955767 |
|
| 852 | _aЦб 226762 | ||
| 856 | 4 |
_qpdf _u |
|
| 856 | 4 |
_qpdf _u |
|
| 942 |
_cKNG _n0 _011 |
||
| 944 |
_aCR _c10.03.2006 _k30535 _lХристина Везирева |
||
| 944 |
_aED _c09.08.2016 _kВиолета_Тройчева |
||
| 999 |
_c54847 _d54847 |
||